ბათუმის შოთა რუსთაველის სახელმწიფო უნივერსიტეტის ბიბლიოთეკა

ადამიანის უფლებათა ევროპული სასამართლოს განჩინებათა და გადაწყვეტილებათა კრებული საქართველოს საქმეებზე.2013 (ბიბ.ჩანაწერი № 42606)

000 -LEADER
fixed length control field 01043nam a2200193Ia 4500
001 - CONTROL NUMBER
control field 9309
003 - CONTROL NUMBER IDENTIFIER
control field GE_BSU
008 - FIXED-LENGTH DATA ELEMENTS--GENERAL INFORMATION
fixed length control field 181216s||||||||xx |||||||||||||| ||und||
040 ## - CATALOGING SOURCE
Transcribing agency GE_BSU
080 ## - UNIVERSAL DECIMAL CLASSIFICATION NUMBER
Universal Decimal Classification number 341.64(4)
245 ## - TITLE STATEMENT
Title ადამიანის უფლებათა ევროპული სასამართლოს განჩინებათა და გადაწყვეტილებათა კრებული საქართველოს საქმეებზე.2013
245 ## - TITLE STATEMENT
Statement of responsibility, etc. შემდგ:თინათინ ბეჟაშვილი
260 ## - PUBLICATION, DISTRIBUTION, ETC.
Place of publication, distribution, etc. თბილისი.
260 ## - PUBLICATION, DISTRIBUTION, ETC.
Name of publisher, distributor, etc. საქართველოს უზენაესი სასამართლო.
260 ## - PUBLICATION, DISTRIBUTION, ETC.
Date of publication, distribution, etc. 2014
300 ## - PHYSICAL DESCRIPTION
Extent 80გვ;17სმ.
653 ## - INDEX TERM--UNCONTROLLED
Uncontrolled term ადამიანის უფლებათა ევროპული სასამართლოს განჩინებათა და გადაწყვეტილებათა კრებული
942 ## - ADDED ENTRY ELEMENTS (KOHA)
Koha item type წიგნი
ეგზემპლარები
Withdrawn status Lost status Damaged status Not for loan Date acquired Barcode Date last seen Price effective from Koha item type
        2018-12-17 32028 2018-12-17 2018-12-17 წიგნი
        2018-12-17 32029 2018-12-17 2018-12-17 წიგნი